Ղափանի պղնձի հանքավայրի Կոմսոմոլի հանքը / (Record no. 83451)
[ view plain ]
| 000 -LEADER | |
|---|---|
| fixed length control field | 01067nam a2200229 a 4500 |
| 001 - CONTROL NUMBER | |
| control field | 000236046 |
| 003 - CONTROL NUMBER IDENTIFIER | |
| control field | AM-YeHGA |
| 005 - DATE AND TIME OF LATEST TRANSACTION | |
| control field | 20250618071606.0 |
| 008 - FIXED-LENGTH DATA ELEMENTS--GENERAL INFORMATION | |
| fixed length control field | 030617s1948 ai a||||||||||||||0|arm|d |
| 040 ## - CATALOGING SOURCE | |
| Original cataloging agency | AM-YeHGA |
| 041 0# - LANGUAGE CODE | |
| Language code of text/sound track or separate title | arm |
| 090 ## - LOCALLY ASSIGNED LC-TYPE CALL NUMBER (OCLC); LOCAL CALL NUMBER (RLIN) | |
| -- | 84726 |
| 100 1# - MAIN ENTRY--PERSONAL NAME | |
| Personal name | Քոչարյան, Արմենակ Եզեկի, |
| Dates associated with a name | 1913-1986 |
| 9 (RLIN) | 1304 |
| 245 10 - TITLE STATEMENT | |
| Title | Ղափանի պղնձի հանքավայրի Կոմսոմոլի հանքը / |
| Statement of responsibility, etc. | Ա.Ե. Քոչարյան ; ՀՍՍՌ ԳԱ, Գեոլոգ. գիտ. ին-տ. |
| 260 ## - PUBLICATION, DISTRIBUTION, ETC. | |
| Place of publication, distribution, etc. | Երևան : |
| Name of publisher, distributor, etc. | ՀՍՍՌ ԳԱ հրատ., |
| Date of publication, distribution, etc. | 1948. |
| 300 ## - PHYSICAL DESCRIPTION | |
| Extent | 127 էջ : |
| Other physical details | նկ., աղս., քարտեզ ; |
| Dimensions | 22 սմ. |
| 650 10 - SUBJECT ADDED ENTRY--TOPICAL TERM | |
| Topical term or geographic name entry element | Երկրաբանություն |
| General subdivision | Հանքարդյունաբերություն |
| Form subdivision | Պղնձի հանքավայր |
| Geographic subdivision | Ղափան |
| 710 2# - ADDED ENTRY--CORPORATE NAME | |
| Corporate name or jurisdiction name as entry element | Գիտությունների ակադեմիա ՀՍՍՌ |
| 710 2# - ADDED ENTRY--CORPORATE NAME | |
| Corporate name or jurisdiction name as entry element | Գեոլոգիական գիտությունների ինստիտուտ ՀՍՍՌ ԳԱ |
| 856 41 - ELECTRONIC LOCATION AND ACCESS | |
| Uniform Resource Identifier | <a href="https://arar.sci.am/dlibra/publication/399467/edition/369658/content">https://arar.sci.am/dlibra/publication/399467/edition/369658/content</a> |
| Link text | Կարդալ առցանց |
| 942 ## - ADDED ENTRY ELEMENTS (KOHA) | |
| Source of classification or shelving scheme | Universal Decimal Classification |
| Koha item type | Գրքեր / Books |
| Withdrawn status | Lost status | Damaged status | Not for loan | Collection | Home library | Current library | Date acquired | Total checkouts | Full call number | Barcode | Date last seen | Cost, replacement price | Price effective from | Koha item type | Public note |
|---|---|---|---|---|---|---|---|---|---|---|---|---|---|---|---|
| General | Fundamental Scientific Library | Fundamental Scientific Library | 22/12/2016 | AII/15608 | FL0010915 | 22/12/2016 | 6.00 | 22/12/2016 | Գրքեր / Books | 30 Days Loan | |||||
| General | Fundamental Scientific Library | Fundamental Scientific Library | 22/12/2016 | AII/15609 | FL0010916 | 22/12/2016 | 6.00 | 22/12/2016 | Գրքեր / Books | 30 Days Loan | |||||
| General | Fundamental Scientific Library | Fundamental Scientific Library | 22/12/2016 | AII/15610 | FL0010917 | 22/12/2016 | 6.00 | 22/12/2016 | Գրքեր / Books | 30 Days Loan |
ՀՀ Գիտությունների ազգային ակադեմիայի հիմնարար գիտական գրադարան = Fundamental Scientific Library of NAS RA
All site content, except where otherwise noted, is licensed under a